00453 2200169 4500001002100000008004100021035002000062245006700082100001300149260002400162300002900186020002200215084001400237082000800251990001200259990001200271INLIS000000000001461 Ind  a0010-1024000014 aKisah Murid Paling Bahagia dan Sebelas kisah lainnyacAchi TM. aAchi TM. aJakartabEmirc2017 a109 hlm.c13,5 x 20,5 cm a978-602-0935-71-3 a813 ACH k a813 a0753718 a0753719